MARC

LEADER 00000nam0a2200000 4500
001 366939
005 20231102011931.0
035 |a (RuTPU)RU\TPU\retro\24302 
090 |a 366939 
100 |a 20220224d1980 km y0rusy50 ca 
101 0 |a rus 
102 |a RU 
105 |a a z 001zy 
200 1 |a Электрические устройства автоматической аварийной защиты  |f В. И. Литвак 
210 |a Москва  |c Машиностроение  |d 1980 
215 |a 208 с.  |c ил. 
320 |a Библиогр.: с. 204-207 
606 1 |a Электрические установки  |x Защитные приспособления  |2 stltpush  |3 (RuTPU)RU\TPU\subj\27677  |9 51397 
610 1 |a автоматическая аварийная защита 
610 1 |a назначение 
610 1 |a построение 
610 1 |a защитные устройства 
610 1 |a элементы 
610 1 |a аварийные ситуации 
610 1 |a индикаторы 
610 1 |a системы защиты 
675 |a 621.316.9  |v 4 
700 1 |a Литвак  |b В. И.  |g Виктор Израилевич 
801 1 |a RU  |b 63413507  |c 20220224 
942 |c BK